00732 a2200145 4500003000500000005001700005040000900022082001400031100002200045245007500067260002600142300001100168505038500179650002200564NUST20230131154047.0 cNust a941.5,SOM aSomerville .E. Ce aFurther Experiences of An Irish R.M /cE Ce Somerville and martin Ross aLondonbThomas Nelson a288:p. aThe Pug Nosed Fox (Page-7), A Royal Command (Page-37), Poisson D’avril (Page-57), The Man That Came To Buy Applies (Page-76), A Conspiracy Of Silence (Page-100), The Boats Share (Page-132), The Last Day Of Shraft (Page-155), A Horse Part 1 (Page-180), A Horse Part 2 (Page-198), Sharper Than A Ferret’s Tooth (Page-215), Owneen The Sprat (Page-237), The White Boys (Page-261). aIreland Geography